Strategic market management /

Bibliographic Details
Main Author: Aaker, David A.
Format: Book
Language:English
Published: New York, NY : J. Wiley & Sons, [1992]
Edition:3rd ed.
Subjects:

MARC

Tag First Indicator Second Indicator Subfields
LEADER 00000cam a2200000 a 4500
001 in00001123021
005 20150930071750.0
008 911001s1992 nyua b 001 0 eng
010 |a  91037942  
015 |a GB92-41912 
020 |a 0471532533 
035 |a (OCoLC)24628345 
035 |9 AFW2276AM 
040 |a DLC  |c DLC  |d UKM  |d TXA  |d UtOrBLW 
049 |a TXAM 
050 0 0 |a HF5415.13  |b .A23 1992 
082 0 0 |a 658.8  |2 20 
100 1 |a Aaker, David A. 
245 1 0 |a Strategic market management /  |c David A. Aaker. 
250 |a 3rd ed. 
264 1 |a New York, NY :  |b J. Wiley & Sons,  |c [1992] 
264 4 |c ©1992 
300 |a xvi, 394 pages :  |b illustrations ;  |c 23 cm. 
336 |a text  |b txt  |2 rdacontent 
337 |a unmediated  |b n  |2 rdamedia 
338 |a volume  |b nc  |2 rdacarrier 
504 |a Includes bibliographical references and index. 
650 0 |a Marketing  |x Management. 
653 0 |a Business  |a Marketing 
999 |a MARS 
999 f f |s 796931eb-1298-3543-9c1f-228e6ff5aa70  |i 4ffc8ff7-e89c-373c-888e-e1411b80652b  |t 0 
952 f f |p ric  |a Texas A&M University  |b Rellis Campus  |c Joint Library Facility  |d Remote Storage  |t 0  |e HF5415.13 .A23 1992  |h Library of Congress classification  |i unmediated -- volume  |m A14817084622 
998 f f |a HF5415.13 .A23 1992  |t 0  |l Remote Storage